Datum a čas kvízu
20.5
Celkem bodů
Celkový počet nahraných bodů na tomto kvízu bez doplňovacích otázek.
10.
Pořadí na kvízu
Konečné umístění týmu na tomto kvízu.
Zaznamenané odpovědi
| # | Otázka | Odpověď | Body | Výsledky |
|---|---|---|---|---|
| 1. | Ke kácení stromů ve většině př... | trhavinu | 0 | |
| 2. | Nevšední hříšník uvízl v pondě... | C) holub | 0 | |
| 3. | V Brně začala jezdit nová orig... | Party Šalina | 1 | |
| 4. | Patříte-li mezi zákazníky inte... | fialová | 0 | |
| 5. | MMA zápasník Jiří Procházka si... | Las Vegas, Aleksandar Rakić | 0.5 | |
| 6. | V pěti otázkách tohoto tématu... | na 2. stupni | 0 | |
| 7. | Jaká je denní dávka kuchyňské... | B | 1 | |
| 8. | Kala namak je zvláštním druhem... | A) černá | 0 | |
| 9. | Jak zní obchodní název takzvan... | Praganda | 0 | |
| 10. | Chcete-li si užít blahodárného... | D) Bad Ischl | 0 |